00289nam a2200109Ia 4500008004100000100001600041245005800057260003300115300000900148942000700157999001500164190216s9999||||xx |||||||||||||| ||und|| aChakravorty 0aManagement Accountancy Theory And Practice Simplified bNababharat Publishiersc1969 a336p cBK c4523d4523